Statistics for Φαγητά που αρχίζουν από Ν (με εικόνες)

Click here to take the quiz!

General Stats

  • This quiz has been taken 132 times
  • The average score is 8 of 13

Answer Stats

Answer% Correct
Ντομάτα
100%
Ντολμαδάκια
98%
Νουντλς
95%
Ντόνατ
93%
Νεκταρίνι
90%
Νουτέλα
84%
Νιόκι
66%
Νεράντζι
58%
Ντονέρ
50%
Ντιζόν
45%
Νουγκά
30%
Νόρι
23%
Ντούριαν
17%

Score Distribution

Percentile by Number Answered

Percent of People with Each Score

Your Score History

You have not taken this quiz